Avec Patrick DEWAERE ... ou pas - Statistiques

Statistiques générales
  • Ce quiz a été pris 31 fois
  • Le résultat moyen est 10 sur 23
Answers on the Grid
Answers color-coded by a green-red scale on the quiz's grid according to % correct below.
Les mariés de l'an II (1971)
Themroc (1973)
Les valseuses (1974)
Adieu poulet (1975)
La meilleure façon de marcher (1976)
F… comme Fairbanks (1976)
Le juge Fayard dit « le Shériff » (1977)
La clé sur la porte (1978)
Préparez vos mouchoirs (1978)
Le grand embouteillage (1979)
Catherine et compagnie (1975)
Lily aime-moi (1975)
Pas de problème ! (1975)
Coup de tête (1979)
Série noire (1979)
Un mauvais fils (1980)
Plein sud (1981)
Hôtel des Amériques (1981)
Beau-père (1981)
Mille milliards de dollars (1982)
Paradis pour tous (1982)
Psy (1981)
La chambre de l'évêque (1977)
René la canne (1977)
Violette Nozière (1978)
Le sucre (1978)
Buffet froid (1979)
Tendrement vache (1979)
Je t'aime moi non plus (1976)
Mon oncle d'Amérique (1980)
Loulou (1980)
Le choix des armes (1981)
La femme d'à côté (1981)
Les chiens (1979)
Pas si méchant que ça (1975)
Deux hommes dans la ville (1973)
 
Statistiques - réponses
Réponse % Correct
Coup de tête (1979)
84%
Les valseuses (1974)
84%
Le juge Fayard dit « le Shériff » (1977)
80%
Adieu poulet (1975)
68%
Série noire (1979)
68%
Beau-père (1981)
64%
La meilleure façon de marcher (1976)
64%
Préparez vos mouchoirs (1978)
64%
Un mauvais fils (1980)
60%
Hôtel des Amériques (1981)
52%
F… comme Fairbanks (1976)
48%
Paradis pour tous (1982)
40%
Plein sud (1981)
36%
Mille milliards de dollars (1982)
32%
Psy (1981)
32%
Themroc (1973)
32%
La clé sur la porte (1978)
28%
Lily aime-moi (1975)
28%
Les mariés de l'an II (1971)
24%
Catherine et compagnie (1975)
20%
Le grand embouteillage (1979)
20%
La chambre de l'évêque (1977)
12%
Pas de problème ! (1975)
8%
Aucun quiz correspondant
Distribution des résultats
% des personnes avec chaque résultat
Percentile par nombre de réponses
Votre historique - résultats
Vous n’avez pas pris ce quiz